000 00994nas a2200289 4500
001 BR8803194
003 BR-BrBNA
005 20231205091146.0
007 ta
008 230509b bl.|||p| |||| 00| 00por d
040 _aBR-BrBNA
_bpor
_cBiblioteca Nacional de Agricultura
041 _a(Pt)
072 _aL73
100 1 _aGermano, P.M.L.
100 1 _aVasconcellos, S.A.
100 1 _aIshizuka, M.M.
100 1 _aPassos, E. de C.
100 1 _aErbolato, E.B.
245 1 _aPrevalencia de infeccao por Brucella canis em caes na cidade de Campinas, Sao Paulo, Brasil
246 1 _a[Prevalence of Brucella canis infection in dogs of Campinas, Sao Paulo, Brazil]
650 _aCAO
650 _aBRUCELOSE CANINA
650 _aSORO-AGLUTINACAO
773 0 _tRevista da Faculdade de Medicina Veterinaria e Zootecnia da Universidade de Sao Paulo (Brazil)
_xISSN 0303-7525
_g(1987), v. 24(1) p. 27-34
_wBR8803194
909 _a202311
_bLúcia
_c55
_dLúcia Elande
942 _2AGRIS
_n0
_cANA
999 _c123222
_d123222